LEADER 05146oam 2201081 c 450 001 9910265128703321 005 20260302090207.0 010 $a9783839440049 010 $a3839440041 024 7 $a10.14361/9783839440049 035 $a(CKB)4340000000210890 035 $a(MiAaPQ)EBC5116480 035 $a(WaSeSS)IndRDA00125121 035 $a(DE-B1597)487090 035 $a(OCoLC)1004884234 035 $a(DE-B1597)9783839440049 035 $a(MiAaPQ)EBC6695119 035 $a(Au-PeEL)EBL6695119 035 $a(ScCtBLL)04520d56-b5df-46a6-952c-7d2c7f64124c 035 $a(transcript Verlag)9783839440049 035 $a(oapen)https://directory.doabooks.org/handle/20.500.12854/37580 035 $a(Perlego)1796778 035 $a(EXLCZ)994340000000210890 100 $a20260302d2017 uy 0 101 0 $ager 135 $aurcnu|||||||| 181 $2rdacontent 182 $2rdamedia 183 $2rdacarrier 200 00$aOkulare Demokratie$eDer Bürger als Zuschauer$fDominik Hammer, Marie-Christine Kajewski 205 $a1st ed. 210 $aBielefeld$ctranscript Verlag$d2017 215 $a1 online resource (198 pages) 225 0 $aEdition Politik 300 $aIn The Eyes of the People the political scientist Jeffrey Edward Green develops a fundamentally new theory of democratic participation termed "ocular democracy«, emphasizing the citizens' view as an instrument of democratic control that does not focus on contents but rather on the public performance of leading politicians. Presenting that theory about democracy, this volume makes its approach as well as the debate about it accessible to the German context of discourse for the first time. The contributors take up the debate about the crisis of representative democracy and examine the potential a plebiscitary democracy of viewers may have. 311 08$a9783837640045 311 08$a3837640043 327 $aFrontmatter 1 Inhalt 5 Vowort: Macht in Sicht 7 Okulare Demokratie revisited 13 Okulare Demokratie, eine abgeschwa?chte Politik 43 Okulare und repra?sentative Demokratie 69 Deutungska?mpfe vor den Augen des Volkes 87 Okulare Demokratie und die Frage nach der demokratischen Erma?chtigung 115 Das Volk als Zuschauer - die Zuschauer als Volk? 131 Putting Candor First 149 Okulare Demokratie und demokratische Erfahrung 171 Autorinnen und Autoren 193 330 $aIn The Eyes of the People entwickelt der Politikwissenschaftler Jeffrey Edward Green unter der Bezeichnung »Okulare Demokratie« eine grundlegend neue Theorie demokratischer Teilhabe. Dabei wird der Blick der Bürger_innen als Instrument demokratischer Kontrolle hervorgehoben, in dessen Fokus nicht Inhalte, sondern die öffentliche Performance von Spitzenpolitiker_innen steht.Der Band stellt diese Demokratietheorie vor und macht den Ansatz sowie die Diskussion um ihn erstmals für den deutschen Diskurskontext zugänglich. Die Beiträger_innen greifen dabei die Debatte um die Krise der repräsentativen Demokratie auf und untersuchen die Potenziale einer plebiszitären Zuschauerdemokratie. 330 1 $aBesprochen in:Zivilgesellschaft Info, 3 (2017) 410 0$aEdition Politik ;$vBand 48. 517 2 $aHammer/Kajewski (Hg.), Okulare Demokratie$eDer Bürger als Zuschauer 606 $aDemokratie 606 $aDemocracy 606 $aDemokratietheorie 606 $aTheories of Democracy 606 $aTeilhabe 606 $aParticipation 606 $aRepresentation 606 $aRepräsentation 606 $aPlebiszit 606 $aPlebiscitarianism 606 $aPolitik 606 $aPolitics 606 $aÄsthetik 606 $aAesthetics 606 $aJeffrey Green 606 $aOkulare Demokratie 606 $aPolitical Theory 606 $aPolitische Theorie 606 $aPolitical Science 606 $aPolitikwissenschaft 615 4$aDemokratie 615 4$aDemocracy 615 4$aDemokratietheorie 615 4$aTheories of Democracy 615 4$aTeilhabe 615 4$aParticipation 615 4$aRepresentation 615 4$aRepräsentation 615 4$aPlebiszit 615 4$aPlebiscitarianism 615 4$aPolitik 615 4$aPolitics 615 4$aÄsthetik 615 4$aAesthetics 615 4$aJeffrey Green 615 4$aOkulare Demokratie 615 4$aPolitical Theory 615 4$aPolitische Theorie 615 4$aPolitical Science 615 4$aPolitikwissenschaft 676 $a321.8 686 $aME 3150$2rvk 702 $aHammer$b Dominik$p
Dominik Hammer, Katholische Erwachsenenbildung im Lande Niedersachsen e.V., Hannover, Deutschland
$4edt 702 $aKajewski$b Marie-Christine$pMarie Kajewski, Katholische Erwachsenenbildung im Lande Niedersachsen e.V., Hannover, Deutschland
$4edt 712 02$aForschungsinstitut für Philosophie Hannover$4fnd$4http://id.loc.gov/vocabulary/relators/fnd 801 0$bDE-B1597 801 1$bDE-B1597 906 $aBOOK 912 $a9910265128703321 996 $aOkulare Demokratie$94413535 997 $aUNINA